Statistics for Countries* with a V in their name

Click here to take the quiz!

General Stats

  • This quiz has been taken 76 times
  • The average score is 9 of 16

Answer Stats

Answer% Correct
15Venezuela
95%
16Vietnam
92%
14Vanuatu
88%
13Tuvalu
76%
10Saint Vincent and the Grenadines
61%
11Slovakia
59%
12Slovenia
59%
2Bosnia and Herzegovina
58%
1Bolivia
56%
6Latvia
53%
8Moldova
42%
9Saint Kitts and Nevis
39%
4Côte D'Ivoire
36%
7Maldives
36%
3Cape Verde
35%
5El Salvador
23%

Score Distribution

Percentile by Number Answered

Percent of People with Each Score

Your Score History

You have not taken this quiz